书目信息 |
| 题名: |
环境样品前处理技术
|
|
| 作者: | 江桂斌 编著 | |
| 分册: | ||
| 出版信息: | 北京 化学工业出版社 2016.1 |
|
| 页数: | 425页 | |
| 开本: | 24cm | |
| 丛书名: | ||
| 单 册: | ||
| 中图分类: | X830.1 | |
| 科图分类: | ||
| 主题词: | ||
| 电子资源: | ||
| ISBN: | 978-7-122-25442-9 | |
| 000 | 01037nam0 2200253 450 | |
| 001 | 0400003014 | |
| 005 | 20171026101604.75 | |
| 010 | @a978-7-122-25442-9@b精装@dCNY88.00 | |
| 100 | @a20150920d2016 em y0chiy50 ea | |
| 101 | 0 | @achi |
| 102 | @aCN@b110000 | |
| 105 | @ay z 000yy | |
| 106 | @ar | |
| 200 | 1 | @a环境样品前处理技术@9huan jing yang pin qian chu li ji shu@dEnvironmental sample preparation@zeng@f江桂斌等编著 |
| 205 | @a第2版 | |
| 210 | @a北京@c化学工业出版社@d2016.1 | |
| 215 | @a425页@d24cm | |
| 330 | @a本书共分十二章,包括目前应用广泛且具有良好发展前景的固相萃取、固相微萃取、膜分离、低温吹扫捕集、微波消解和微波辅助萃取、临界流体萃取、免疫亲和固相萃取等新技术及其发展现状,此外,还结合典型有毒化学污染物如二逵ⅰ⒍嗦攘苯和多环芳烃、有机金属化合物等讨论了它们的前处理方法。 | |
| 510 | 1 | @aEnvironmental sample preparation@zeng |
| 610 | 0 | @a环境监测@x样品@x前处理@x技术 |
| 690 | @aX830.1@v5 | |
| 701 | 0 | @a江桂斌@9jiang gui bin@4编著 |
| 801 | 0 | @aCN@b91MARC@c20171021 |
| 905 | @b1035406-10@dX830.1@f5@e258=2 | |
| 环境样品前处理技术=Environmental sample preparation/江桂斌等编著.-第2版.-北京:化学工业出版社,2016.1 |
| 425页;24cm |
| ISBN 978-7-122-25442-9(精装):CNY88.00 |
| 本书共分十二章,包括目前应用广泛且具有良好发展前景的固相萃取、固相微萃取、膜分离、低温吹扫捕集、微波消解和微波辅助萃取、临界流体萃取、免疫亲和固相萃取等新技术及其发展现状,此外,还结合典型有毒化学污染物如二逵ⅰ⒍嗦攘苯和多环芳烃、有机金属化合物等讨论了它们的前处理方法。 |
| ● |
| 相关链接 |
|
|
|
|
正题名:环境样品前处理技术
索取号:X830.1/258=2
 
预约/预借
| 序号 | 登录号 | 条形码 | 馆藏地/架位号 | 状态 | 备注 |
| 1 | 1035406 | 210354061 | 第二样本阅览室/ [索取号:X830.1/258=2] | 在馆 | |
| 2 | 1035407 | 210354070 | 密集书库-化学系/ [索取号:X830.1/258=2] | 在馆 | |
| 3 | 1035408 | 210354089 | 第三借阅区/ [索取号:X830.1/258=2] | 在馆 | |
| 4 | 1035409 | 210354098 | 第三借阅区/ [索取号:X830.1/258=2] | 在馆 | |
| 5 | 1035410 | 210354105 | 第三借阅区/ [索取号:X830.1/258=2] | 在馆 |